000
00319nam a2200121Ia 4500
008
190415s9999 xx 000 0 und d
082
_a
RI.0009
100
_a
Inamdar, N.R.
245
0
_a
Development administration in India : Ideological,theoretical and operational pe
260
_c
1991
300
_a
335
942
_c
BK
999
_c
12522
_d
12522